000 00559nam a22001817a 4500
999 _c19311
_d19311
003 AR-CdUCM
008 190517b ||||| |||| 00| 0 spa d
040 _aMUNICIPALIDAD PROVINCIAL DEL CUSCO
_cBIBLIOTECA MUNICIPAL DEL CUSCO
082 _a985.009 /
_bT15
100 _aTamayo Vargas, Augusto
_91952
245 _aAbraham Valdelomar
260 _aLima :
_bBiblioteca hombres del PerĂș,
_c1966.
300 _a147 paginas ;
_c20 cm.
505 _aContenido :BiografĂ­as /
650 _aBiografias
_9148
942 _2ddc
_cLIBROS
945 _arjall
_d2019-05-17